Estrellas : (Registro nro. 8551)
[ vista simple ]
| 000 -CABECERA | |
|---|---|
| Longitud fija campo de control | 01123nam a2200301 a 4500 |
| 003 - • IDENTIFICADOR DELl NÚMERO DE CONTROL | |
| Identificador del número de control | CO-ViMGA |
| 005 - • FECHA Y HORA DE LA ÚLTIMA TRANSACCIÓN | |
| Fecha y hora de la última transacción | 20230915233613.0 |
| 008 - • CÓDIGOS DE INFORMACIÓN DE LONGITUD FIJA | |
| Códigos de información de longitud fija | 180418s2017 ck ao gr 00010 spa d |
| 020 ## - • NÚMERO INTERNACIONAL NORMALIZADO PARA LIBROS | |
| Número Internacional Normalizado para Libros (ISBN) | 9789583055577 |
| 040 ## - FUENTE DE LA CATALOGACIÓN | |
| Centro catalogador de origen | CO-ViMGA |
| Lengua de catalogación | spa |
| Centro transcriptor | CO-ViMGA |
| 082 04 - • NÚMERO DE LA CLASIFICACIÓN DECIMAL DEWEY | |
| Número de clasificación (R) | 523.8 |
| Número del ítem | B18e |
| Número de edición | 21 |
| 100 1# - • PUNTO DE ACCESO PRINCIPAL-NOMBRE DE PERSONA | |
| Nombre de persona | Baur, Manfred, |
| Fechas asociadas al nombre | 1959- |
| 245 10 - • TITULO PROPIAMENTE DICHO | |
| Título | Estrellas : |
| Resto del título | maravillas del universo / |
| Mención de responsabilidad, etc. | Manfred Baur ; traducción del alemán Francisco Fernandez. |
| 250 ## - • MENCIÓN DE EDICIÓN | |
| Mención de edición | Edicin̤ Cesar A. Cardozo Tovar. |
| 300 ## - • DESCRIPCIÓN FÍSICA | |
| Extensión | 48 páginas : |
| Otras características físicas | ilustraciones ; |
| Dimensiones | 28 cm. |
| 490 1# - • MENCIÓN DE SERIE | |
| Mención de serie | Como y por que |
| 500 ## - • NOTA GENERAL | |
| Nota general | Glosario : p. 48. |
| 534 ## - • Nota De Versión Original | |
| -- | Título original : |
| Título | Sterne: wunder des weltalls. |
| 650 14 - • PUNTO DE ACCESO ADICIONAL DE MATERIA - TÉRMINO DE MATERIA | |
| Término de materia o nombre geográfico como elemento inicial | Constelaciones |
| Subdivisión de forma | Literatura juvenil. |
| 650 14 - • PUNTO DE ACCESO ADICIONAL DE MATERIA - TÉRMINO DE MATERIA | |
| Término de materia o nombre geográfico como elemento inicial | Espacio exterior |
| Subdivisión de forma | Literatura juvenil. |
| 650 14 - • PUNTO DE ACCESO ADICIONAL DE MATERIA - TÉRMINO DE MATERIA | |
| Término de materia o nombre geográfico como elemento inicial | Estrellas |
| Subdivisión de forma | Literatura juvenil. |
| 650 14 - • PUNTO DE ACCESO ADICIONAL DE MATERIA - TÉRMINO DE MATERIA | |
| Término de materia o nombre geográfico como elemento inicial | Estrellas |
| Subdivisión de materia general | Clasificación |
| Subdivisión de forma | Literatura juvenil. |
| 700 1# - • PUNTO DE ACCESO ADICIONAL - NOMBRE DE PERSONA | |
| Nombre de persona | Cardozo Tovar, Cesar Alberto, |
| Término indicativo de función | editor. |
| 700 1# - • PUNTO DE ACCESO ADICIONAL - NOMBRE DE PERSONA | |
| Nombre de persona | Fernaǹdez, Francisco, |
| Término indicativo de función | traductor. |
| 942 ## - ENTRADA DE ELEMENTOS AGREGADOS (KOHA) | |
| Fuente de clasificaión o esquema | Dewey Decimal Classification |
| Koha [por defecto] tipo de item | LIbro |
| Perdido | Fuente de clasificación o esquema | Estado Físico | No para préstamo | Forma de adquisición | Localización permanente | Localización actual | Fecha adquisición | Préstamos totales | Signatura completa | Código de barras | Fecha última consulta | Fecha del precio de reemplazo | Tipo de item de Koha |
|---|---|---|---|---|---|---|---|---|---|---|---|---|---|
| Dewey Decimal Classification | Sala General Segundo Piso | Biblioteca Pública Germán Arciniegas - Villavicencio | Biblioteca Pública Germán Arciniegas - Villavicencio | 04/15/2020 | 523.8 B18e | 33317 | 04/15/2020 | 04/15/2020 | LIbro | ||||
| Dewey Decimal Classification | Sala General Segundo Piso | Biblioteca Pública Germán Arciniegas - Villavicencio | Biblioteca Pública Germán Arciniegas - Villavicencio | 04/15/2020 | 523.8 B18e | 33318 | 10/11/2022 | 04/16/2020 | LIbro |